Dogs (Record no. 47201)

MARC details
000 -LÍDER
campo de controle de tamanho fixo 00332 a2200157 4500
001 - NÚMERO DE CONTROLE
campo de controle 47201
020 ## - ISBN - INTERNATIONAL STANDARD BOOK NUMBER
ISBN - International Standard Book Number 9780746080481
040 ## - FONTE DA CATALOGAÇÃO
Instituição que transcreveu o registro Anchieta - Aquarius
100 ## - ENTRADA PRINCIPAL--NOME PESSOAL
Nome pessoal Helbrough, Enna
240 10 - TÍTULO UNIFORME
Título uniforme Dogs
Idioma da obra Ing
245 10 - TÍTULO
Título Dogs
300 ## - DESCRIÇÃO FÍSICA
Extensão 20p
362 0# - DATAS DE PUBLICAÇÃO E/OU DESIGNAÇÃO SEQUENCIAL
Datas de publicação e/ou designação sequencial 2003
650 #4 - ASSUNTO--TERMO TÓPICO
Cabeçalho tópico ou nome geográfico Literatura infanto-juvenil em inglês
942 ## - ELEMENTOS DE ENTRADA ADICIONADOS (KOHA)
Tipo de material Koha Livros
Holdings
Situação do descarte Situação das perdas Situação física Não pode ser emprestado Biblioteca de origem Biblioteca atual Data de aquisição Total de empréstimos Número de chamada completo Código de barras Data de último acesso Data do preço efetivo Tipo de material Koha
        Colégio Anchieta - Aquarius Colégio Anchieta - Aquarius 21/11/2023   028.573 HEL DOG 5647/AQU 21/11/2023 21/11/2023 Livros